00363nam a2200109Ia 4500008004100000245011400041260004900155260000900204300001000213500001400223650001600237170224s9999 xx 000 0 und d aEvidence for the social role theory of stereotype content: Observations of groups’ roles shape stereotypes. bJournal of Personality and Social Psychology c2014 a107:3 aSeptember xPsychology.